000 01434nam2a2200313 4500
001 RU\NLR\BIBL_A\022056155
005 20250625103410.0
010 _a953-154-482-X
035 _a(NLR Aleph) 022056155
090 _a12612682
_c12612682
100 _a20231020d2000 |||y0rusy50 ca
101 0 _ascr
_achu
102 _aHR
_aRU
105 _ach z 000zy
181 0 _ai
_baxxe
182 0 _an
200 1 _aFaksimili
_dФаксимиле
_zrus
203 _aТекст
_bвизуальный
_cнепосредственный
210 _d2000
_aБ. м.
215 _a15, [480] с.
_cфакс., портр.
300 _aТекст факс. на церковнославян. яз. хорв. ред. (глаголица)
300 _aПредисл. на хорв. яз.
320 _aБиблиогр. в подстроч. примеч.
461 0 _1001RU\NLR\BIBL_A\022056074
_12001#$aGlagoljski fragmenti Ivana Berčića u Ruskoj nacionalnoj biblioteci$v[1]
_912612450
_cZagreb
_d2000
_fpriredila Svetlana O. Vialova
_lГлаголические фрагменты Ивана Берчича в Российской национальной библиотеке
_nHrvatska akademija znanosti i umjetnosti
_tGlagoljski fragmenti Ivana Berčića u Ruskoj nacionalnoj biblioteci
_y9531544077
_v[1]
510 1 _aФаксимиле
_zrus
942 _cBOOK
980 _aNB